000 00524nam a2200169 4500
001 4853
005 20181127174253.0
022 0 0 _a2304-1757
090 0 0 _a378.05 R894r 2014
245 0 0 _aReaching new heights :
_bAnnual Report 2014 /
_cRoyal University of Bhutan.
260 0 0 _a
_bRoyal University of Bhutan.
_c
300 0 0 _a40 p. ; 25 cm.
650 0 0 _aBhutan --Office of Education.
_x
650 0 0 _aEducation, Higher --Bhutan --Periodicals.
_x
650 0 0 _aEducation, Higher --Bhutan.
_x
999 _c4033
_d4033